Countries With The Tallest Women - Statistics

General Stats
  • This quiz has been taken 46 times
  • The average score is 19 of 25
Answer Stats
Height (cm) Country % Correct
167.6 Lithuania
100%
166.1 Germany
97%
169.9 Latvia
97%
168.9 Denmark
94%
170.3 Netherlands
94%
166.6 Sweden
94%
168.8 Estonia
91%
166.0 Finland
91%
166.7 Norway
91%
167.1 Slovenia
91%
165.7 Poland
89%
168.2 Serbia
89%
167.0 Slovakia
86%
166.7 Austria
83%
166.8 Croatia
83%
167.9 Czech Republic
80%
166.6 Ukraine
80%
166.9 Belarus
77%
167.4 Bosnia and Herzegovina
77%
168.6 Iceland
74%
169.4 Montenegro
71%
166.0 Tonga
11%
165.5 Barbados
9%
166.8 Dominica
9%
165.9 Grenada
9%
No matching quizzes found
Score Distribution
Percent of People with Each Score
Percentile by Number Answered
Your Score History
You have not taken this quiz